The Global information technology report 2009 -2010 : ICT for sustainability.
| Other Authors: | , |
|---|---|
| Format: | Book |
| Published: |
Geneva:
World Economic Forum,
2010.
|
| Subjects: |
| LEADER | 00465cam a2200145 7i4500 | ||
|---|---|---|---|
| 001 | 0000024779 | ||
| 005 | 20100715090000.0 | ||
| 090 | 0 | 0 | |a I 004.6 |b GLO |
| 245 | 0 | 4 | |a The Global information technology report 2009 -2010 : |b ICT for sustainability. |
| 260 | 0 | 0 | |a Geneva: |b World Economic Forum, |c 2010. |
| 300 | # | # | |a 416 p. |
| 650 | 0 | 0 | |a Information technology |
| 700 | 1 | 1 | |a Dutta, |h Soumitra |
| 700 | 1 | 1 | |a Mia, |h Irene |
| 999 | |a 0000027199 |b Book |c International |e Business Information Centre | ||